[Event "I Abierto Int de Ajedrez Hotel CEMAR"]
[Site "Mondariz  Balneario "]
[Date "2014.08.21"]
[Round "6.13"]
[White "Gomez Asenjo, Hector Luis"]
[Black "Silva, Ana Ines Teixeira Da"]
[Result "1-0"]
[WhiteElo "1509"]
[BlackElo "1551"]
[PlyCount "109"]
[EventDate "2014.08.16"]

1. e4 Nf6 2. Nc3 d5 3. exd5 Nxd5 4. Bc4 Nb6 5. Bb3 Nc6 6. Nf3 Bg4 7. Bxf7+ Kd7
8. h3 Bf5 9. Nh4 g6 10. Nxf5 gxf5 11. d3 e5 12. Bd5 Nxd5 13. Nxd5 Rg8 14. Rg1
Bc5 15. Be3 Kc8 16. Qf3 Nd4 17. Bxd4 Bxd4 18. Qxf5+ Kb8 19. Qe4 Rf8 20. Ne3 Qf6
21. Rf1 Bxb2 22. Rb1 Bc3+ 23. Ke2 b6 24. Nd5 Qc6 25. Nxc3 Qxc3 26. Rfc1 Qc5 27.
f3 Qd4 28. Qxh7 Kb7 29. Qe4+ Qxe4+ 30. fxe4 Rg8 31. g4 Rh8 32. Rh1 Raf8 33.
Rbf1 Rxf1 34. Kxf1 Kc6 35. Ke2 Rh4 36. Kf3 Kc5 37. Kg3 Rh8 38. g5 Kd6 39. Kg4
Ke6 40. Rf1 Ke7 41. h4 c5 42. c4 a6 43. a4 Rd8 44. Rf3 Rg8 45. h5 Ke8 46. Rf6
b5 47. Rxa6 b4 48. g6 Rf8 49. Ra8+ Ke7 50. Ra7+ Kf6 51. Ra6+ Kg7 52. Kg5 Rf2
53. h6+ Kf8 54. h7 Rh2 55. Ra7 1-0

[Event "I Abierto Int de Ajedrez Hotel CEMAR"]
[Site "Mondariz  Balneario "]
[Date "2014.08.22"]
[Round "7.1"]
[White "Manolache, Marius"]
[Black "Rodriguez Boado, Martin"]
[Result "1-0"]
[WhiteElo "2490"]
[BlackElo "2163"]
[PlyCount "47"]
[EventDate "2014.08.16"]

1. d4 Nf6 2. Nf3 e6 3. c4 Bb4+ 4. Nbd2 c5 5. dxc5 Bxc5 6. e3 O-O 7. Qc2 b6 8.
a3 d5 9. b4 Be7 10. Bb2 Nbd7 11. cxd5 Nxd5 12. Bd3 h6 13. O-O Bb7 14. Rac1 a5
15. b5 Nc5 16. Bc4 Bf6 17. Nd4 Ne7 18. Rfd1 Qb8 19. Ba2 Qe5 20. Bb1 Rfd8 21.
Nc6 Qxb2 22. Qh7+ Kf8 23. Nxd8 Rxd8 24. Nc4 1-0

[Event "I Abierto Int de Ajedrez Hotel CEMAR"]
[Site "Mondariz  Balneario "]
[Date "2014.08.22"]
[Round "7.2"]
[White "Garcia Castro, Pablo"]
[Black "Silva, Armando Sousa"]
[Result "1-0"]
[WhiteElo "2382"]
[BlackElo "1941"]
[PlyCount "59"]
[EventDate "2014.08.16"]

1. Nf3 d6 2. e4 e5 3. d4 exd4 4. Nxd4 Nf6 5. Nc3 Be7 6. Bf4 Bd7 7. Qd2 Nc6 8.
O-O-O a6 9. f3 O-O 10. g4 Nxd4 11. Qxd4 Be6 12. Kb1 b5 13. Nd5 Bxd5 14. exd5
Nd7 15. h4 Bf6 16. Qf2 Bxb2 17. Kxb2 Qf6+ 18. Qd4 Ne5 19. Bxe5 dxe5 20. Qe4 Qd6
21. h5 g6 22. g5 f5 23. gxf6 Rxf6 24. hxg6 Rf4 25. gxh7+ Kh8 26. Qe3 Raf8 27.
Be2 Ra4 28. Rh5 Re8 29. Rg1 Rf4 30. c3 1-0

[Event "I Abierto Int de Ajedrez Hotel CEMAR"]
[Site "Mondariz  Balneario "]
[Date "2014.08.22"]
[Round "7.3"]
[White "Lorenzo Duran, Marcos"]
[Black "Ruiz Ledo, Antonio"]
[Result "1-0"]
[WhiteElo "2167"]
[BlackElo "2065"]
[PlyCount "53"]
[EventDate "2014.08.16"]

1. d4 e6 2. Nf3 f5 3. g3 Nf6 4. Bg2 Be7 5. c4 d6 6. O-O O-O 7. Nc3 Qe8 8. b3
Qh5 9. Ba3 Nbd7 10. Qc2 c6 11. e4 fxe4 12. Nxe4 Nxe4 13. Qxe4 Nf6 14. Qe2 Bd7
15. Rfe1 Rae8 16. Nd2 Ng4 17. h3 Rxf2 18. Qd3 Rxg2+ 19. Kxg2 Nh6 20. g4 Qa5 21.
b4 Qa4 22. Qb3 Qa6 23. b5 cxb5 24. cxb5 Bxb5 25. Rxe6 Bc6+ 26. Kg1 Qa4 27.
Rxe7+ 1-0

[Event "I Abierto Int de Ajedrez Hotel CEMAR"]
[Site "Mondariz  Balneario "]
[Date "2014.08.22"]
[Round "7.4"]
[White "De Prado Rodriguez, Oscar Brun"]
[Black "Garcia Bugallo, Jose Luis"]
[Result "1-0"]
[WhiteElo "2255"]
[BlackElo "1818"]
[PlyCount "91"]
[EventDate "2014.08.16"]

1. d4 d5 2. Bf4 Nf6 3. e3 e6 4. Nf3 c5 5. c3 Nc6 6. Nbd2 cxd4 7. exd4 Bd6 8.
Bg3 Bxg3 9. hxg3 Qd6 10. Bd3 Bd7 11. Qe2 O-O-O 12. O-O-O h5 13. Ne5 Qe7 14. f4
Nxe5 15. dxe5 Ng4 16. Nb3 Ba4 17. Bc2 Bxb3 18. Bxb3 Qc5 19. Rd4 Kb8 20. Kb1 g6
21. Rhd1 Qa5 22. R1d2 Nh6 23. Bc2 Rc8 24. Ra4 Qb6 25. Rb4 Qc5 26. Bd3 Rc7 27.
Rb5 Qc6 28. a4 Rhc8 29. Rc2 Ng8 30. g4 hxg4 31. Qxg4 Ne7 32. Qh3 a6 33. Rb4 Ka8
34. g4 Qc5 35. a5 Nc6 36. Ra4 Na7 37. f5 gxf5 38. gxf5 Rg8 39. fxe6 fxe6 40.
Qxe6 Rg1+ 41. Ka2 Re7 42. Qf6 Qc6 43. Rf4 Re8 44. Re2 Qd7 45. Qb6 Nc6 46. Qxg1
1-0

[Event "I Abierto Int de Ajedrez Hotel CEMAR"]
[Site "Mondariz  Balneario "]
[Date "2014.08.22"]
[Round "7.5"]
[White "Lopez De Turiso, Jose Angel"]
[Black "Sanz Bastos, Fernando"]
[Result "1-0"]
[WhiteElo "2147"]
[BlackElo "1951"]
[PlyCount "137"]
[EventDate "2014.08.16"]

1. d4 Nf6 2. c4 e6 3. Nc3 Bb4 4. Qc2 O-O 5. a3 Bxc3+ 6. Qxc3 b6 7. Bg5 h6 8.
Bh4 Bb7 9. f3 d5 10. e3 Nbd7 11. Bd3 Rc8 12. c5 c6 13. b4 Re8 14. Bxf6 Qxf6 15.
f4 Qh4+ 16. Kd2 Nf6 17. g3 Qh5 18. Qc2 bxc5 19. Qxc5 Ba6 20. Bc2 Rc7 21. Qa5 c5
22. Qxc7 cxd4 23. Qe5 dxe3+ 24. Ke1 Qg4 25. Qxe3 d4 26. Qf3 Rc8 27. Qxg4 Nxg4
28. Bd1 Ne3 29. Nf3 Bb7 30. Kf2 Rc3 31. Re1 Nxd1+ 32. Rexd1 Rxf3+ 33. Ke1 Ba6
34. Kd2 Rf2+ 35. Kc1 d3 36. Rd2 Rf3 37. Kb2 f6 38. Re1 Kf7 39. a4 Bc4 40. Kc3
Bd5 41. Rxd3 Rf2 42. Rd2 Rf3+ 43. Kd4 Rb3 44. Kc5 Rc3+ 45. Kd6 Rc6+ 46. Kd7 Rb6
47. Rd4 Bc6+ 48. Kc8 Bxa4 49. Rc1 e5 50. fxe5 fxe5 51. Rdc4 Ke6 52. Ra1 Bb5 53.
Rc7 a6 54. Rxg7 Kd5 55. Rd1+ Ke4 56. Re7 Rc6+ 57. Kb7 Rc2 58. h4 Be2 59. Rd6
Rb2 60. Rxh6 Rxb4+ 61. Kc6 Bb5+ 62. Kc5 Rc4+ 63. Kb6 Kd4 64. Rhe6 Rc5 65. h5
Bc4 66. Rd6+ Rd5 67. Rxd5+ Kxd5 68. h6 Bd3 69. Rd7+ 1-0

[Event "I Abierto Int de Ajedrez Hotel CEMAR"]
[Site "Mondariz  Balneario "]
[Date "2014.08.22"]
[Round "7.6"]
[White "Rodriguez Dominguez, Miguel I"]
[Black "Silva, Antonio Araujo Da"]
[Result "1-0"]
[WhiteElo "1951"]
[BlackElo "1965"]
[PlyCount "52"]
[EventDate "2014.08.16"]

1. d4 Nf6 2. Nf3 c5 3. d5 e6 4. Nc3 exd5 5. Nxd5 Nxd5 6. Qxd5 Nc6 7. e4 d6 8.
Ng5 Qd7 9. Bf4 h6 10. Nf3 Qg4 11. Bxd6 Bxd6 12. Qxd6 Qxe4+ 13. Be2 Be6 14. Qxc5
O-O-O 15. Qe3 Qb4+ 16. c3 Qxb2 17. O-O Bxa2 18. Nd4 Rhe8 19. Bg4+ Kb8 20. Nxc6+
bxc6 21. Qf4+ Ka8 22. Qa4 Qxc3 23. Rxa2 Qc5 24. Bf3 Re6 25. Rc2 Qd4 26. Rxc6
Qxa4 1-0

[Event "I Abierto Int de Ajedrez Hotel CEMAR"]
[Site "Mondariz  Balneario "]
[Date "2014.08.22"]
[Round "7.7"]
[White "Gomez Dieguez, Adrian"]
[Black "Picazo Gonzalez, Ana"]
[Result "1-0"]
[WhiteElo "1970"]
[BlackElo "1795"]
[PlyCount "135"]
[EventDate "2014.08.16"]

1. e4 e6 2. d4 d5 3. Nd2 c5 4. exd5 exd5 5. Ngf3 Nf6 6. c3 Be7 7. dxc5 Bxc5 8.
Nb3 Bd6 9. Bd3 O-O 10. O-O Nc6 11. h3 h6 12. Be3 Re8 13. Re1 Bc7 14. Bc2 Ne4
15. Qd3 Bf5 16. Qb5 Nd6 17. Qe2 Be4 18. Nc5 Qf6 19. Nxe4 dxe4 20. Nd4 Ne5 21.
Nb5 Nxb5 22. Qxb5 Qg6 23. Kh1 Qc6 24. Qe2 Nc4 25. Bd4 Qd6 26. g3 Qe6 27. Kg2
Nd6 28. Qh5 b6 29. Rad1 Rad8 30. b3 Bb8 31. c4 f5 32. Rd2 Nb7 33. Red1 Rd7 34.
Bc3 Red8 35. Rxd7 Rxd7 36. Rxd7 Qxd7 37. g4 fxg4 38. Bxe4 gxh3+ 39. Qxh3 Qxh3+
40. Kxh3 Nc5 41. Bg6 Ne6 42. Kg4 Bd6 43. Bd2 Kf8 44. f4 Ke7 45. Be4 Nd8 46. Bc3
Kf8 47. Bd5 Nf7 48. Kf5 Nd8 49. b4 Nf7 50. Kg6 Nh8+ 51. Kh7 Nf7 52. Bxg7+ Ke7
53. Kg8 Nd8 54. f5 Bxb4 55. f6+ Ke8 56. Bxh6 a6 57. a4 Bc5 58. f7+ Nxf7 59.
Bxf7+ Kd7 60. Bd5 Bd4 61. Kf7 Kd6 62. Bf8+ Kd7 63. Bb7 a5 64. Kg6 Ke6 65. Bc8+
Ke5 66. Bg7+ Ke4 67. Bxd4 Kxd4 68. Ba6 1-0

[Event "I Abierto Int de Ajedrez Hotel CEMAR"]
[Site "Mondariz  Balneario "]
[Date "2014.08.22"]
[Round "7.8"]
[White "Gonzalez Eiris, Daniel"]
[Black "Garcia Sobrino, David"]
[Result "0-1"]
[WhiteElo "1666"]
[BlackElo "1852"]
[PlyCount "122"]
[EventDate "2014.08.16"]

1. d4 f5 2. Bf4 Nf6 3. e3 g6 4. Nf3 Bg7 5. Bc4 e6 6. h3 O-O 7. O-O Kh8 8. Nbd2
d6 9. c3 Qe8 10. Bh2 Nc6 11. Re1 e5 12. dxe5 Nxe5 13. Bb3 Nd3 14. Re2 Ne4 15.
Qc2 Nec5 16. Bd5 Nxb2 17. Qxb2 Na4 18. Qb3 Nxc3 19. Ree1 Nxd5 20. Qxd5 Bxa1 21.
Rxa1 Qf7 22. Qd4+ Qf6 23. Rc1 Qxd4 24. Nxd4 Rf7 25. Nb5 Be6 26. Nxc7 Rc8 27.
Bxd6 Kg8 28. Nf3 Rd7 29. Bf4 Bxa2 30. Ra1 Bc4 31. Rxa7 Rdxc7 32. Bxc7 Rxc7 33.
Nd4 Kf7 34. Kh2 Ke7 35. Ra8 Kd6 36. Ra5 b6 37. Ra1 Kc5 38. Rc1 Kd5 39. Rd1 Ke4
40. Rb1 Rb7 41. Nb5 Bxb5 42. Rxb5 Kd3 43. Kg3 Kc4 44. Rb1 b5 45. Kf3 b4 46. Ke2
Kc3 47. Rc1+ Kb2 48. Rc5 b3 49. Kd3 Rd7+ 50. Kc4 Rd2 51. Rb5 Rc2+ 52. Kd3 Rxf2
53. g4 fxg4 54. hxg4 Rf7 55. g5 Ka2 56. Ra5+ Kb1 57. Rb5 b2 58. Kd2 Rd7+ 59.
Ke2 Ra7 60. Kd2 Ka2 61. Kc2 Rc7+ 0-1

[Event "I Abierto Int de Ajedrez Hotel CEMAR"]
[Site "Mondariz  Balneario "]
[Date "2014.08.22"]
[Round "7.9"]
[White "Ferreiro Diaz, Miguel"]
[Black "Salgado Gonzalez, Julio"]
[Result "1-0"]
[WhiteElo "1723"]
[BlackElo "1838"]
[PlyCount "115"]
[EventDate "2014.08.16"]

1. e4 Nc6 2. Nc3 Nf6 3. Bc4 Nxe4 4. Nxe4 d5 5. Bd3 dxe4 6. Bxe4 e5 7. c3 Bd6 8.
h3 O-O 9. Qh5 f5 10. Bd5+ Kh8 11. Nf3 g6 12. Qh6 Qf6 13. O-O Nd8 14. d3 Nf7 15.
Bxf7 Qxf7 16. Re1 Re8 17. Ng5 Qg7 18. Qxg7+ Kxg7 19. f4 h6 20. Nf3 e4 21. dxe4
fxe4 22. Nd4 Bd7 23. Be3 h5 24. Rad1 Rad8 25. b3 b6 26. Rd2 c5 27. Ne2 Bf5 28.
Red1 Be7 29. Kf1 h4 30. Kf2 Bf6 31. Rxd8 Rxd8 32. Rxd8 Bxd8 33. Bd2 Kf7 34. c4
Bf6 35. Bc3 Be7 36. Ke3 Ke6 37. Be5 g5 38. Nc3 gxf4+ 39. Bxf4 Bf6 40. Nxe4 Bd4+
41. Kf3 Kd7 42. Bg5 Kc6 43. Bxh4 b5 44. cxb5+ Kd5 45. Nd2 Bd3 46. a4 a6 47. b6
Kc6 48. Bd8 Bc3 49. Ke3 Bc2 50. g4 Bxd2+ 51. Kxd2 Bxb3 52. a5 Bd5 53. Bf6 Kd7
54. Ke3 c4 55. Bc3 Be6 56. Kf4 Bd5 57. h4 Ke6 58. g5 1-0

[Event "I Abierto Int de Ajedrez Hotel CEMAR"]
[Site "Mondariz  Balneario "]
[Date "2014.08.22"]
[Round "7.10"]
[White "Bello Filgueira, Joaquin Anton"]
[Black "Silva, Mariana Sofia T"]
[Result "1-0"]
[WhiteElo "1776"]
[BlackElo "1639"]
[PlyCount "93"]
[EventDate "2014.08.16"]

1. e4 e6 2. d4 d5 3. Nd2 Nf6 4. e5 Nfd7 5. Bd3 c5 6. c3 Nc6 7. Ne2 f6 8. exf6
Nxf6 9. Nf3 Bd6 10. O-O O-O 11. Ng3 e5 12. dxe5 Nxe5 13. Nxe5 Bxe5 14. Bg5 Qb6
15. Bxf6 Qxf6 16. Qc2 g6 17. Rae1 b6 18. Re3 Bf4 19. Ree1 Bb7 20. Bb5 Rad8 21.
Qe2 Bd6 22. Qg4 Bc8 23. Qa4 Qf7 24. Re3 Bd7 25. Bxd7 Qxd7 26. Qd1 Bf4 27. Rd3
Rfe8 28. Qf3 Rf8 29. Rfd1 d4 30. cxd4 c4 31. Ra3 Be5 32. Qe2 Bxd4 33. Qxc4+ Kh8
34. Rad3 Bxf2+ 35. Kh1 Qe7 36. Qc3+ Kg8 37. Qc4+ Kh8 38. Qe4 Rxd3 39. Qxd3 Qe3
40. Qd6 Qf4 41. Ne4 Be3 42. Qd3 Re8 43. Qc3+ Qe5 44. Rd8 Rxd8 45. Qxe5+ Kg8 46.
Nf6+ Kf7 47. Qc7+ 1-0

[Event "I Abierto Int de Ajedrez Hotel CEMAR"]
[Site "Mondariz  Balneario "]
[Date "2014.08.22"]
[Round "7.11"]
[White "Dominguez Certal, Dario"]
[Black "Represa Perez, Mireya"]
[Result "0-1"]
[WhiteElo "1501"]
[BlackElo "1771"]
[PlyCount "28"]
[EventDate "2014.08.16"]

1. e4 c5 2. Nf3 Nc6 3. d4 cxd4 4. Nxd4 e6 5. Be3 Qc7 6. Be2 a6 7. O-O Nf6 8.
Nxc6 dxc6 9. f3 Bd6 10. g3 h5 11. Nc3 Bxg3 12. hxg3 Qxg3+ 13. Kh1 Ng4 14. Bg1
Qh3+ 0-1

[Event "I Abierto Int de Ajedrez Hotel CEMAR"]
[Site "Mondariz  Balneario "]
[Date "2014.08.22"]
[Round "7.12"]
[White "Cervigni Sebastian, Alejandro"]
[Black "Gomez Asenjo, Hector Luis"]
[Result "1-0"]
[WhiteElo "1454"]
[BlackElo "1509"]
[PlyCount "129"]
[EventDate "2014.08.16"]

1. e4 e5 2. Nc3 Nf6 3. f4 d5 4. fxe5 Nxe4 5. Nf3 Be7 6. Qe2 Nxc3 7. bxc3 c6 8.
d4 h6 9. Qf2 O-O 10. Qg3 Kh8 11. Bd3 Qd7 12. O-O Qg4 13. Qxg4 Bxg4 14. Bd2 b5
15. h3 Bd7 16. Rf2 c5 17. Raf1 c4 18. Be2 Bf5 19. Ne1 Be6 20. Bh5 Kg8 21. Rf3
Bh4 22. Bg4 Nd7 23. g3 Be7 24. Ng2 Bxg4 25. hxg4 f6 26. exf6 Nxf6 27. g5 Ne4
28. Rxf8+ Rxf8 29. Re1 hxg5 30. g4 Rf2 31. Rxe4 Rxg2+ 32. Kxg2 dxe4 33. Kf2 Kf7
34. Ke3 Ke6 35. Kxe4 g6 36. Bc1 Bf6 37. Ba3 Bd8 38. Bc5 a6 39. d5+ Kd7 40. Ke5
Bc7+ 41. d6 Ba5 42. Bd4 b4 43. Kd5 bxc3 44. Bc5 Bd8 45. Bd4 Ba5 46. a3 Bd8 47.
Bxc3 Bb6 48. Bd4 Ba5 49. c3 Bd8 50. a4 Ba5 51. Bf6 Bb6 52. Bxg5 Bf2 53. Be7 Be1
54. Kxc4 Kc6 55. Kb4 Bd2 56. Kc4 Be3 57. Kd3 Bc5 58. Ke4 Kd7 59. Kf4 Ke6 60.
Ke4 Ba3 61. Kd4 Bb2 62. Kc4 Ba3 63. g5 Ke5 64. Bf8 Ke6 65. d7 1-0

[Event "I Abierto Int de Ajedrez Hotel CEMAR"]
[Site "Mondariz  Balneario "]
[Date "2014.08.22"]
[Round "7.13"]
[White "Represa Garazo, Juan Manuel"]
[Black "Boo Vallejo, Marcos"]
[Result "0-1"]
[WhiteElo "1555"]
[BlackElo "1611"]
[PlyCount "84"]
[EventDate "2014.08.16"]

1. e4 e6 2. d4 d5 3. Nc3 dxe4 4. Nxe4 Nd7 5. Bd3 Ngf6 6. Bg5 Be7 7. Nf3 O-O 8.
O-O b6 9. Qe2 Bb7 10. Nxf6+ Nxf6 11. c3 Nd5 12. Bxe7 Qxe7 13. Qe4 f5 14. Qe5 g5
15. Rfe1 Rae8 16. Qg3 g4 17. h4 Qg7 18. Ne5 Nf6 19. Bb5 Nh5 20. Qe3 f4 21. Qd2
c6 22. Bxc6 Bxc6 23. Nxc6 f3 24. Re5 Rf5 25. g3 Rxe5 26. Nxe5 Rd8 27. Re1 Nf6
28. Qg5 h5 29. Qxg7+ Kxg7 30. Nc6 Re8 31. a3 a5 32. Re5 Kf7 33. Rb5 Nd5 34. c4
Ne7 35. Nxe7 Kxe7 36. Rxb6 Rd8 37. d5 exd5 38. c5 d4 39. Kf1 Rd5 40. Rb5 Re5
41. Rb6 d3 42. Rd6 Rxc5 0-1

[Event "I Abierto Int de Ajedrez Hotel CEMAR"]
[Site "Mondariz  Balneario "]
[Date "2014.08.23"]
[Round "8.1"]
[White "Rodriguez Dominguez, Miguel I"]
[Black "Manolache, Marius"]
[Result "0-1"]
[WhiteElo "1951"]
[BlackElo "2490"]
[PlyCount "58"]
[EventDate "2014.08.16"]

1. d4 Nf6 2. Nf3 g6 3. g3 c6 4. Bg2 Bg7 5. O-O O-O 6. c4 d6 7. Nc3 Bf5 8. b3
Ne4 9. Bb2 Nxc3 10. Bxc3 Be4 11. Qd2 Nd7 12. Rfd1 Nf6 13. Qb2 d5 14. Nh4 Bxg2
15. Nxg2 Qd7 16. Nf4 h5 17. Nd3 Rad8 18. c5 Ne4 19. e3 Qg4 20. Re1 Ng5 21. Rec1
Nf3+ 22. Kg2 Qe4 23. Nf4 Nxd4+ 24. Kg1 Nf3+ 25. Kg2 e5 26. Qe2 Nd4+ 27. f3 Nxe2
28. fxe4 Nxc1 29. Nh3 Nd3 0-1

[Event "I Abierto Int de Ajedrez Hotel CEMAR"]
[Site "Mondariz  Balneario "]
[Date "2014.08.23"]
[Round "8.2"]
[White "Garcia Castro, Pablo"]
[Black "Lorenzo Duran, Marcos"]
[Result "1-0"]
[WhiteElo "2382"]
[BlackElo "2167"]
[PlyCount "71"]
[EventDate "2014.08.16"]

1. g3 d5 2. Nf3 c6 3. Bg2 Bg4 4. c4 e6 5. O-O Nd7 6. Qb3 Nc5 7. Qc2 Nf6 8. d3
Be7 9. Be3 Bxf3 10. exf3 d4 11. Bc1 a5 12. Nd2 O-O 13. f4 Nfd7 14. Nf3 Bf6 15.
Re1 Qc7 16. b3 Rfd8 17. Qe2 Qb6 18. Ne5 a4 19. Nxd7 Rxd7 20. Ba3 axb3 21. axb3
Rdd8 22. Reb1 Ra7 23. Bxc5 Qxc5 24. Rxa7 Qxa7 25. b4 g6 26. h4 h5 27. b5 cxb5
28. Rxb5 Rd7 29. f5 gxf5 30. Rxf5 exf5 31. Qe8+ Kg7 32. Qxd7 f4 33. Bd5 Kh6 34.
Qxf7 Qa1+ 35. Kg2 f3+ 36. Bxf3 1-0

[Event "I Abierto Int de Ajedrez Hotel CEMAR"]
[Site "Mondariz  Balneario "]
[Date "2014.08.23"]
[Round "8.3"]
[White "Lopez De Turiso, Jose Angel"]
[Black "De Prado Rodriguez, Oscar Brun"]
[Result "0-1"]
[WhiteElo "2147"]
[BlackElo "2255"]
[PlyCount "80"]
[EventDate "2014.08.16"]

1. d4 f5 2. c4 Nf6 3. Nc3 e6 4. Qc2 Bb4 5. e3 b6 6. Bd3 Bb7 7. f3 O-O 8. Nge2
Bd6 9. e4 fxe4 10. Nxe4 Bb4+ 11. Bd2 Bxd2+ 12. Qxd2 Bxe4 13. Bxe4 Nxe4 14. fxe4
Qh4+ 15. Ng3 d5 16. O-O-O dxc4 17. d5 Nd7 18. dxe6 Nc5 19. Qd5 Qh6+ 20. Kb1
Qxe6 21. Qg5 Nxe4 22. Qe3 Nc5 23. Qc3 b5 24. Rhe1 Qg6+ 25. Ka1 Rae8 26. Re5 Na4
27. Qd4 c6 28. Nh5 Qxg2 29. Rxe8 Rxe8 30. Nf6+ gxf6 31. Rg1 Qg6 32. Rxg6+ hxg6
33. Qg1 Kf7 34. b3 Nc3 35. Qxa7+ Re7 36. Qd4 Ne2 37. Qc5 c3 38. Kb1 Rd7 39.
Qxc6 Rd1+ 40. Kc2 Nd4+ 0-1

[Event "I Abierto Int de Ajedrez Hotel CEMAR"]
[Site "Mondariz  Balneario "]
[Date "2014.08.23"]
[Round "8.4"]
[White "Rodriguez Boado, Martin"]
[Black "Ferreiro Diaz, Miguel"]
[Result "1-0"]
[WhiteElo "2163"]
[BlackElo "1723"]
[PlyCount "97"]
[EventDate "2014.08.16"]

1. e4 d5 2. exd5 Nf6 3. Bb5+ Nbd7 4. Nc3 a6 5. Be2 Nb6 6. Nf3 Nfxd5 7. Nxd5
Nxd5 8. d4 Bf5 9. c4 Nf6 10. O-O e6 11. Ne5 Be7 12. Bf3 Rb8 13. Qa4+ c6 14. d5
Qc7 15. dxc6 O-O 16. Bf4 Bd6 17. Rfe1 bxc6 18. c5 Bxc5 19. Nxc6 Qb6 20. Bxb8
Bxf2+ 21. Kh1 Bxe1 22. Rxe1 Rxb8 23. Nxb8 Qxb8 24. Qxa6 h6 25. Qb7 Qf4 26. Qc8+
Kh7 27. Qc1 Qh4 28. b3 g5 29. g3 Qb4 30. Re2 Qb5 31. Qc4 Qd7 32. Rf2 Qa7 33.
Re2 Qd7 34. Qc3 Kg6 35. Rd2 Qb5 36. Qc4 Qe5 37. Qe2 Qa1+ 38. Rd1 Qc3 39. g4
Qxf3+ 40. Qxf3 Be4 41. Kg2 Bxf3+ 42. Kxf3 h5 43. h3 Nd5 44. Rxd5 exd5 45. a4 f5
46. gxh5+ Kxh5 47. a5 g4+ 48. hxg4+ fxg4+ 49. Ke2 1-0

[Event "I Abierto Int de Ajedrez Hotel CEMAR"]
[Site "Mondariz  Balneario "]
[Date "2014.08.23"]
[Round "8.5"]
[White "Ruiz Ledo, Antonio"]
[Black "Garcia Sobrino, David"]
[Result "1-0"]
[WhiteElo "2065"]
[BlackElo "1852"]
[PlyCount "123"]
[EventDate "2014.08.16"]

1. b3 e5 2. Bb2 Nc6 3. e3 g6 4. Nf3 Bg7 5. c4 d6 6. d4 e4 7. Nfd2 f5 8. Nc3 Nf6
9. a3 a5 10. b4 axb4 11. axb4 Bd7 12. Rxa8 Qxa8 13. Qb3 Ne7 14. Be2 O-O 15. O-O
b6 16. Ra1 Qb7 17. Qa2 c5 18. b5 Bc8 19. Qa7 Rd8 20. Nb3 Rd7 21. Qxb7 Bxb7 22.
f3 Nc8 23. f4 Rc7 24. d5 Ne7 25. Na4 Nd7 26. g4 Bxb2 27. Nxb2 Rc8 28. Ra7 Rb8
29. h4 Nc8 30. Ra4 Ra8 31. Nd2 Ne7 32. Kf2 Kg7 33. Rxa8 Bxa8 34. Na4 Kf6 35.
Nc3 Kf7 36. Nf1 Nf6 37. Ng3 Bb7 38. Na4 Nd7 39. Bf1 Kf6 40. Bh3 Bc8 41. Nc3 Nf8
42. Ncxe4+ fxe4 43. Nxe4+ Kg7 44. Nxd6 Bd7 45. e4 h5 46. Kg3 Nc8 47. Nxc8 Bxc8
48. e5 hxg4 49. Bxg4 Bxg4 50. Kxg4 Kf7 51. h5 gxh5+ 52. Kxh5 Ng6 53. Kg5 Nf8
54. Kf5 Ke7 55. Ke4 Nd7 56. f5 Nf8 57. d6+ Kf7 58. Kd5 Ke8 59. e6 Nh7 60. Kc6
Kd8 61. Kxb6 Ng5 62. Kxc5 1-0

[Event "I Abierto Int de Ajedrez Hotel CEMAR"]
[Site "Mondariz  Balneario "]
[Date "2014.08.23"]
[Round "8.6"]
[White "Silva, Armando Sousa"]
[Black "Gomez Dieguez, Adrian"]
[Result "1/2-1/2"]
[WhiteElo "1941"]
[BlackElo "1970"]
[PlyCount "141"]
[EventDate "2014.08.16"]

1. d4 Nf6 2. Nf3 c5 3. d5 b5 4. a4 Bb7 5. axb5 Nxd5 6. g3 Nc7 7. Na3 g6 8. Be3
Bg7 9. Qc1 Ne6 10. Bg2 Nd4 11. Bxd4 cxd4 12. O-O O-O 13. Nc4 Bd5 14. Ra4 d6 15.
Rd1 e5 16. c3 Nd7 17. Qa1 Qc7 18. b3 Nc5 19. cxd4 Nxa4 20. Qxa4 Rfd8 21. dxe5
dxe5 22. Rxd5 Rxd5 23. Nfd2 Rxd2 24. Nxd2 Rd8 25. Nc4 Rd1+ 26. Bf1 Qd7 27. Kg2
e4 28. Ne3 Rd4 29. Nc4 Rd5 30. b6 Qxa4 31. bxa4 axb6 32. Nxb6 Rd6 33. Nc4 Ra6
34. a5 Bc3 35. e3 Bxa5 36. Nxa5 Rxa5 37. h4 Kg7 38. g4 h6 39. Bc4 f5 40. Kg3
Kf6 41. gxf5 Kxf5 42. Be2 h5 43. Bc4 g5 44. Bf7 gxh4+ 45. Kxh4 Ra7 46. Be8 Rg7
47. Kh3 Re7 48. Bc6 Ke5 49. f3 exf3 50. Bxf3 Kf5 51. Bxh5 Rh7 52. Kh4 Rh8 53.
e4+ Kf4 54. e5 Kxe5 55. Kg5 Rg8+ 56. Bg6 Rg7 57. Kh5 Kf6 58. Bc2 Rg2 59. Bd3
Rd2 60. Bb1 Rg2 61. Bd3 Rg5+ 62. Kh4 Rg7 63. Kh5 Rd7 64. Bc2 Rg7 65. Kh4 Ke5
66. Kh5 Kf4 67. Kh6 Rg2 68. Bb1 Rg5 69. Bc2 Rg8 70. Bb1 Ke5 71. Kh5 1/2-1/2

[Event "I Abierto Int de Ajedrez Hotel CEMAR"]
[Site "Mondariz  Balneario "]
[Date "2014.08.23"]
[Round "8.7"]
[White "Sanz Bastos, Fernando"]
[Black "Bello Filgueira, Joaquin Anton"]
[Result "0-1"]
[WhiteElo "1951"]
[BlackElo "1776"]
[PlyCount "78"]
[EventDate "2014.08.16"]

1. e4 e6 2. d4 d5 3. e5 c5 4. c3 Qb6 5. Nf3 Nc6 6. Bd3 cxd4 7. cxd4 Bd7 8. O-O
Nxd4 9. Nxd4 Qxd4 10. Nc3 Qb6 11. Qg4 Qb4 12. Qg3 Ne7 13. a3 Qb6 14. b4 Rc8 15.
Bb2 Ng6 16. h4 Qd4 17. h5 Rxc3 18. Bxc3 Qxc3 19. hxg6 hxg6 20. Rfc1 Qd4 21.
Rab1 Be7 22. Rd1 Bh4 23. Qf3 Bxf2+ 24. Kf1 Rh1+ 25. Ke2 Rxd1 26. Rxd1 Bh4 27.
Qe3 Qb2+ 28. Rd2 Qxa3 29. Qf4 Be7 30. b5 b6 31. Qh2 Bg5 32. Qh8+ Ke7 33. Rc2
Qa4 34. Qb8 Qg4+ 35. Ke1 Bh4+ 36. Kd2 Qb4+ 37. Ke2 Qe1+ 38. Kf3 Qg3+ 39. Ke2
Qf2+ 0-1

[Event "I Abierto Int de Ajedrez Hotel CEMAR"]
[Site "Mondariz  Balneario "]
[Date "2014.08.23"]
[Round "8.8"]
[White "Represa Perez, Mireya"]
[Black "Garcia Bugallo, Jose Luis"]
[Result "0-1"]
[WhiteElo "1771"]
[BlackElo "1818"]
[PlyCount "88"]
[EventDate "2014.08.16"]

1. e4 c5 2. Nf3 d6 3. d4 cxd4 4. Nxd4 Nf6 5. Nc3 a6 6. Be2 e5 7. Nb3 Be7 8. O-O
O-O 9. a4 b6 10. f4 Bb7 11. Bf3 Nbd7 12. f5 Qc7 13. Qe1 Rfd8 14. Be3 Nc5 15.
Nxc5 dxc5 16. Qg3 Bc6 17. Qh3 b5 18. axb5 axb5 19. g4 b4 20. g5 bxc3 21. Rxa8
Rxa8 22. gxf6 Bxf6 23. bxc3 Qb7 24. Qg2 Qb2 25. Bxc5 Qxc3 26. Qf2 Ba4 27. Be3
Bh4 28. Qe2 Rc8 29. Rc1 Be7 30. Bd2 Qc5+ 31. Be3 Qc6 32. c4 Bc5 33. Qf2 Qb6 34.
Bxc5 Rxc5 35. Qe3 Qb4 36. Be2 Rc8 37. c5 Bc6 38. Bd3 h6 39. Rb1 Qc3 40. Rc1 Qa3
41. Qe2 Qxc1+ 42. Kg2 Qxc5 43. Ba6 Rd8 44. Bd3 Qc3 0-1

[Event "I Abierto Int de Ajedrez Hotel CEMAR"]
[Site "Mondariz  Balneario "]
[Date "2014.08.23"]
[Round "8.9"]
[White "Silva, Antonio Araujo Da"]
[Black "Gonzalez Eiris, Daniel"]
[Result "1-0"]
[WhiteElo "1965"]
[BlackElo "1666"]
[PlyCount "147"]
[EventDate "2014.08.16"]

1. e4 e6 2. d4 d5 3. Nd2 dxe4 4. Nxe4 Bd7 5. Nf3 Bc6 6. Bd3 Nd7 7. O-O Ngf6 8.
Ng3 Bd6 9. Re1 O-O 10. a3 Bxf3 11. Qxf3 c6 12. Ne4 Nxe4 13. Qxe4 Nf6 14. Qh4 g6
15. Re3 Nd5 16. Qxd8 Rfxd8 17. Re4 Be7 18. Re1 Nc7 19. Be3 Bf6 20. Bf4 Nd5 21.
Be3 Nc7 22. c3 c5 23. d5 Nxd5 24. Rad1 Nxe3 25. fxe3 Rd7 26. Be4 Rad8 27. Rxd7
Rxd7 28. Kf2 Rd2+ 29. Re2 Rxe2+ 30. Kxe2 b6 31. Kd3 Be5 32. g3 Kf8 33. Kc4 a5
34. Kb5 Bc7 35. Kc6 Bd8 36. Kd7 Bg5 37. Kc6 Bxe3 38. Kxb6 Bc1 39. a4 Bxb2 40.
c4 f5 41. Bf3 Bc3 42. Kxc5 Bb4+ 43. Kc6 Ke7 44. c5 Kd8 45. Kb6 Kc8 46. Bb7+ Kb8
47. Ba6 Bc3 48. Kc6 Bd4 49. Kd6 Bg1 50. c6 Bb6 51. Kd7 Bc7 52. Kxe6 h5 53. Kf6
h4 54. gxh4 Bxh2 55. Kxg6 f4 56. h5 f3 57. h6 Be5 58. Kf7 Kc7 59. Bb5 f2 60.
Kg8 f1=Q 61. Bxf1 Kxc6 62. h7 Kc5 63. h8=Q Bxh8 64. Kxh8 Kb4 65. Bb5 Kc5 66.
Kg7 Kd5 67. Kf8 Kd6 68. Ke8 Kc7 69. Ke7 Kb7 70. Kd7 Kb6 71. Kd6 Kb7 72. Kc5 Kc7
73. Bc6 Kb8 74. Kb6 1-0